<?xml version="1.0" encoding="UTF-8"?>
<record
    xmlns:xsi="http://www.w3.org/2001/XMLSchema-instance"
    xsi:schemaLocation="http://www.loc.gov/MARC21/slim http://www.loc.gov/standards/marcxml/schema/MARC21slim.xsd"
    xmlns="http://www.loc.gov/MARC21/slim">

  <leader>02267nam0a2200397   4500</leader>
  <controlfield tag="001">RU\NLR\bibl\1072542</controlfield>
  <controlfield tag="005">20260406055130.0</controlfield>
  <datafield tag="010" ind1=" " ind2=" ">
    <subfield code="a">978-5-235-02973-6</subfield>
    <subfield code="9">5000</subfield>
  </datafield>
  <datafield tag="021" ind1=" " ind2=" ">
    <subfield code="a">RU</subfield>
    <subfield code="b">2007-13296</subfield>
    <subfield code="9">708</subfield>
  </datafield>
  <datafield tag="035" ind1=" " ind2=" ">
    <subfield code="a">(NLR Aleph) 001059766</subfield>
  </datafield>
  <datafield tag="035" ind1=" " ind2=" ">
    <subfield code="a">(nilc)RSL-KNO-003072442</subfield>
  </datafield>
  <datafield tag="090" ind1=" " ind2=" ">
    <subfield code="a">931112</subfield>
    <subfield code="c">931112</subfield>
  </datafield>
  <datafield tag="100" ind1=" " ind2=" ">
    <subfield code="a">20070306d2007    |||y0rusy50      ca</subfield>
  </datafield>
  <datafield tag="101" ind1="1" ind2=" ">
    <subfield code="a">rus</subfield>
    <subfield code="c">fre</subfield>
  </datafield>
  <datafield tag="102" ind1=" " ind2=" ">
    <subfield code="a">RU</subfield>
  </datafield>
  <datafield tag="105" ind1=" " ind2=" ">
    <subfield code="a">a   zzzz|||||</subfield>
  </datafield>
  <datafield tag="106" ind1=" " ind2=" ">
    <subfield code="a">r</subfield>
  </datafield>
  <datafield tag="200" ind1="1" ind2=" ">
    <subfield code="a">&#x41A;&#x43E;&#x440;&#x43E;&#x43B;&#x435;&#x432;&#x430; &#x412;&#x438;&#x43A;&#x442;&#x43E;&#x440;&#x438;&#x44F;</subfield>
    <subfield code="f">&#x424;&#x438;&#x43B;&#x438;&#x43F;&#x43F; &#x410;&#x43B;&#x435;&#x43A;&#x441;&#x430;&#x43D;&#x434;&#x440;, &#x411;&#x435;&#x430;&#x442;&#x440;&#x438;&#x441; &#x434;&#x435; &#x41B;'&#x41E;&#x43D;&#x443;&#x430;</subfield>
    <subfield code="g">[&#x43F;&#x435;&#x440;. &#x441; &#x444;&#x440;. &#x418;.&#x410;. &#x421;&#x43E;&#x441;&#x444;&#x435;&#x43D;&#x43E;&#x432;&#x43E;&#x439;</subfield>
    <subfield code="g">&#x43D;&#x430;&#x443;&#x447;. &#x440;&#x435;&#x434;. &#x438; &#x43F;&#x440;&#x435;&#x434;&#x438;&#x441;&#x43B;. &#x434;.&#x438;&#x441;&#x442;.&#x43D;. &#x41C;.&#x41F;. &#x410;&#x439;&#x437;&#x435;&#x43D;&#x448;&#x442;&#x430;&#x442;]</subfield>
  </datafield>
  <datafield tag="210" ind1=" " ind2=" ">
    <subfield code="a">&#x41C;&#x43E;&#x441;&#x43A;&#x432;&#x430;</subfield>
    <subfield code="c">&#x41C;&#x43E;&#x43B;&#x43E;&#x434;&#x430;&#x44F; &#x433;&#x432;&#x430;&#x440;&#x434;&#x438;&#x44F;</subfield>
    <subfield code="d">2007</subfield>
  </datafield>
  <datafield tag="215" ind1=" " ind2=" ">
    <subfield code="a">492, [3] &#x441;., [16] &#x43B;. &#x438;&#x43B;., &#x43F;&#x43E;&#x440;&#x442;&#x440;.</subfield>
    <subfield code="d">21</subfield>
  </datafield>
  <datafield tag="225" ind1="1" ind2=" ">
    <subfield code="a">&#x416;&#x438;&#x437;&#x43D;&#x44C; &#x437;&#x430;&#x43C;&#x435;&#x447;&#x430;&#x442;&#x435;&#x43B;&#x44C;&#x43D;&#x44B;&#x445; &#x43B;&#x44E;&#x434;&#x435;&#x439;</subfield>
    <subfield code="e">&#x416;&#x417;&#x41B;</subfield>
    <subfield code="e">c&#x435;&#x440;&#x438;&#x44F; &#x431;&#x438;&#x43E;&#x433;&#x440;&#x430;&#x444;&#x438;&#x439;</subfield>
    <subfield code="f">&#x43E;&#x441;&#x43D;&#x43E;&#x432;&#x430;&#x43D;&#x430; &#x432; 1890 &#x433;. &#x424;. &#x41F;&#x430;&#x432;&#x43B;&#x435;&#x43D;&#x43A;&#x43E;&#x432;&#x44B;&#x43C; &#x438; &#x43F;&#x440;&#x43E;&#x434;&#x43E;&#x43B;&#x436;&#x435;&#x43D;&#x430; &#x432; 1933 &#x433;. &#x41C;. &#x413;&#x43E;&#x440;&#x44C;&#x43A;&#x438;&#x43C;</subfield>
    <subfield code="v">&#x412;&#x44B;&#x43F;. 1232(1032)</subfield>
  </datafield>
  <datafield tag="320" ind1=" " ind2=" ">
    <subfield code="a">&#x411;&#x438;&#x431;&#x43B;&#x438;&#x43E;&#x433;&#x440;. &#x432; &#x43A;&#x43E;&#x43D;&#x446;&#x435; &#x43A;&#x43D;.</subfield>
  </datafield>
  <datafield tag="600" ind1=" " ind2="0">
    <subfield code="a">&#x412;&#x438;&#x43A;&#x442;&#x43E;&#x440;&#x438;&#x44F;</subfield>
    <subfield code="c">&#x43A;&#x43E;&#x440;&#x43E;&#x43B;&#x435;&#x432;&#x430; &#x430;&#x43D;&#x433;&#x43B;&#x438;&#x439;&#x441;&#x43A;&#x430;&#x44F;</subfield>
    <subfield code="f">1819 - 1901</subfield>
    <subfield code="9">1248649</subfield>
    <subfield code="3">RU\NLR\auth\66193875</subfield>
  </datafield>
  <datafield tag="610" ind1="0" ind2=" ">
    <subfield code="a">&#x418;&#x441;&#x442;&#x43E;&#x440;&#x438;&#x44F;. &#x418;&#x441;&#x442;&#x43E;&#x440;&#x438;&#x447;&#x435;&#x441;&#x43A;&#x438;&#x435; &#x43D;&#x430;&#x443;&#x43A;&#x438; -- &#x418;&#x441;&#x442;&#x43E;&#x440;&#x438;&#x44F; &#x437;&#x430;&#x440;&#x443;&#x431;&#x435;&#x436;&#x43D;&#x44B;&#x445; &#x441;&#x442;&#x440;&#x430;&#x43D; -- &#x412;&#x435;&#x43B;&#x438;&#x43A;&#x43E;&#x431;&#x440;&#x438;&#x442;&#x430;&#x43D;&#x438;&#x44F; -- &#x41F;&#x435;&#x440;&#x438;&#x43E;&#x434; &#x43A;&#x430;&#x43F;&#x438;&#x442;&#x430;&#x43B;&#x438;&#x437;&#x43C;&#x430; (&#x441;&#x435;&#x440;. 17 &#x432;.- ) -- &#x41F;&#x435;&#x440;&#x438;&#x43E;&#x434; &#x440;&#x430;&#x441;&#x446;&#x432;&#x435;&#x442;&#x430; &#x43F;&#x440;&#x43E;&#x43C;&#x44B;&#x448;&#x43B;&#x435;&#x43D;&#x43D;&#x43E;&#x433;&#x43E; &#x43A;&#x430;&#x43F;&#x438;&#x442;&#x430;&#x43B;&#x438;&#x437;&#x43C;&#x430; &#x438; &#x43F;&#x435;&#x440;&#x435;&#x445;&#x43E;&#x434;&#x430; &#x43A; &#x438;&#x43C;&#x43F;&#x435;&#x440;&#x438;&#x430;&#x43B;&#x438;&#x437;&#x43C;&#x443; (&#x441;&#x435;&#x440;. 19-&#x43A;&#x43E;&#x43D;. 19 &#x432;.) -- &#x412;&#x438;&#x43A;&#x442;&#x43E;&#x440;&#x438;&#x44F; (1819-1901) - &#x43A;&#x43E;&#x440;&#x43E;&#x43B;&#x435;&#x432;&#x430; &#x412;&#x435;&#x43B;&#x438;&#x43A;&#x43E;&#x431;&#x440;&#x438;&#x442;&#x430;&#x43D;&#x438;&#x438;</subfield>
  </datafield>
  <datafield tag="686" ind1=" " ind2=" ">
    <subfield code="a">&#x422;3(4&#x412;&#x43B;)53-8&#x412;&#x438;&#x43A;&#x442;&#x43E;&#x440;&#x438;&#x44F;,02</subfield>
    <subfield code="2">rubbk</subfield>
  </datafield>
  <datafield tag="686" ind1=" " ind2=" ">
    <subfield code="a">&#x422;3(4&#x412;&#x43B;)53-8</subfield>
  </datafield>
  <datafield tag="700" ind1=" " ind2="1">
    <subfield code="4">070</subfield>
    <subfield code="8">rus</subfield>
    <subfield code="7">ca</subfield>
    <subfield code="a">&#x410;&#x43B;&#x435;&#x43A;&#x441;&#x430;&#x43D;&#x434;&#x440;</subfield>
    <subfield code="b">&#x424;.</subfield>
    <subfield code="g">&#x424;&#x438;&#x43B;&#x438;&#x43F;&#x43F;</subfield>
    <subfield code="3">RU\NLR\auth\7752567</subfield>
    <subfield code="9">35500</subfield>
  </datafield>
  <datafield tag="701" ind1=" " ind2="1">
    <subfield code="4">070</subfield>
    <subfield code="8">rus</subfield>
    <subfield code="7">ca</subfield>
    <subfield code="a">&#x41B;'&#x41E;&#x43D;&#x443;&#x430;</subfield>
    <subfield code="b">&#x411;. &#x434;&#x435;</subfield>
    <subfield code="g">&#x411;&#x435;&#x430;&#x442;&#x440;&#x438;&#x441; &#x434;&#x435;</subfield>
    <subfield code="3">RU\NLR\auth\7752568</subfield>
    <subfield code="9">35501</subfield>
  </datafield>
  <datafield tag="702" ind1=" " ind2="0">
    <subfield code="4">570</subfield>
    <subfield code="8">rus</subfield>
    <subfield code="7">ca</subfield>
    <subfield code="a">&#x412;&#x438;&#x43A;&#x442;&#x43E;&#x440;&#x438;&#x44F;</subfield>
    <subfield code="c">&#x43A;&#x43E;&#x440;&#x43E;&#x43B;&#x435;&#x432;&#x430; &#x430;&#x43D;&#x433;&#x43B;&#x438;&#x439;&#x441;&#x43A;&#x430;&#x44F;</subfield>
    <subfield code="f">1819-1901</subfield>
    <subfield code="3">RU\NLR\AUTH\779552</subfield>
    <subfield code="9">119376</subfield>
  </datafield>
  <datafield tag="801" ind1=" " ind2="0">
    <subfield code="a">RU</subfield>
    <subfield code="b">&#x420;&#x41A;&#x41F;</subfield>
    <subfield code="c">20070306</subfield>
    <subfield code="g">rcr</subfield>
  </datafield>
  <datafield tag="801" ind1=" " ind2="1">
    <subfield code="a">RU</subfield>
    <subfield code="b">&#x420;&#x413;&#x411;</subfield>
    <subfield code="c">20070306</subfield>
  </datafield>
  <datafield tag="801" ind1=" " ind2="2">
    <subfield code="a">RU</subfield>
    <subfield code="b">NLR</subfield>
    <subfield code="c">20070412</subfield>
    <subfield code="g">rcr</subfield>
  </datafield>
  <datafield tag="942" ind1=" " ind2=" ">
    <subfield code="c">BOOK</subfield>
  </datafield>
  <datafield tag="980" ind1=" " ind2=" ">
    <subfield code="a">NB</subfield>
  </datafield>
  <datafield tag="995" ind1=" " ind2=" ">
    <subfield code="5">2007-04-12</subfield>
    <subfield code="a">ad</subfield>
    <subfield code="b">NLR01</subfield>
    <subfield code="c">NLR01</subfield>
    <subfield code="e">RF9</subfield>
    <subfield code="f">2410305</subfield>
    <subfield code="k">2007-3/11540</subfield>
    <subfield code="o">0</subfield>
    <subfield code="r">BOOK</subfield>
    <subfield code="s">2007311540_</subfield>
  </datafield>
  <datafield tag="995" ind1=" " ind2=" ">
    <subfield code="5">2007-04-12</subfield>
    <subfield code="a">ad</subfield>
    <subfield code="b">NLR01</subfield>
    <subfield code="c">NLR01</subfield>
    <subfield code="e">RF9</subfield>
    <subfield code="f">2410306</subfield>
    <subfield code="k">2007-3/11540</subfield>
    <subfield code="o">0</subfield>
    <subfield code="r">BOOK</subfield>
    <subfield code="s">2007311540_</subfield>
  </datafield>
  <datafield tag="995" ind1=" " ind2=" ">
    <subfield code="5">2007-05-02</subfield>
    <subfield code="a">aa</subfield>
    <subfield code="b">NLR02</subfield>
    <subfield code="c">NLR02</subfield>
    <subfield code="e">UCHZ</subfield>
    <subfield code="f">1-117851</subfield>
    <subfield code="k">&#x423;  &#x422;3(4&#x412;&#x43B;)/&#x410;-462</subfield>
    <subfield code="o">0</subfield>
    <subfield code="p">320.00</subfield>
    <subfield code="r">BOOK</subfield>
    <subfield code="s">_34462</subfield>
  </datafield>
  <datafield tag="995" ind1=" " ind2=" ">
    <subfield code="5">2007-05-02</subfield>
    <subfield code="a">aa</subfield>
    <subfield code="b">NLR01</subfield>
    <subfield code="c">NLR01</subfield>
    <subfield code="e">OZ1</subfield>
    <subfield code="f">1-470985</subfield>
    <subfield code="k">&#x421;1 &#x422;3(4&#x412;&#x43B;)/&#x410;-462</subfield>
    <subfield code="o">0</subfield>
    <subfield code="p">320.00</subfield>
    <subfield code="r">BOOK</subfield>
    <subfield code="s">1_34462</subfield>
  </datafield>
  <datafield tag="995" ind1=" " ind2=" ">
    <subfield code="5">2007-05-02</subfield>
    <subfield code="a">aa</subfield>
    <subfield code="b">NLR03</subfield>
    <subfield code="c">NLR03</subfield>
    <subfield code="e">UJZ</subfield>
    <subfield code="f">1-179986</subfield>
    <subfield code="k">&#x42E; &#x422;3(4&#x412;&#x43B;)/&#x410;-46</subfield>
    <subfield code="o">0</subfield>
    <subfield code="p">320.00</subfield>
    <subfield code="r">BOOK</subfield>
    <subfield code="s">_3446</subfield>
  </datafield>
</record>
